书目信息 |
| 题名: |
变电所常用规程及电气技术规范新编
|
|
| 作者: | 孙方汉 编 | |
| 分册: | ||
| 出版信息: | 沈阳 辽宁科学技术出版社 1996.02 |
|
| 页数: | 570页 | |
| 开本: | 16开 | |
| 丛书名: | ||
| 单 册: | ||
| 中图分类: | TM63-65 | |
| 科图分类: | ||
| 主题词: | 变电所 | |
| 电子资源: | ||
| ISBN: | 7-5381-2207-9 | |
| 000 | 00612nam0 2200193 45 | |
| 001 | 0007260985 | |
| 005 | 20000726092650.7 | |
| 010 | @a7-5381-2207-9@d70.00元 | |
| 100 | @a20000726d1996 km y0chiy0120 ea | |
| 101 | 0 | @achi |
| 105 | @a z 000yy | |
| 200 | 1 | @a变电所常用规程及电气技术规范新编@ABian Dian Suo Chang Yong Gui Cheng Ji Dian Qi Ji ShuGui Fan Xin Bian@f孙方汉等编@FSun Fang Han Deng Bian |
| 210 | @a沈阳@c辽宁科学技术出版社@d1996.02 | |
| 215 | @a570页@d16开 | |
| 606 | 0 | @a变电所 |
| 690 | @aTM63-65@v3 | |
| 701 | 0 | @a孙方汉@4编 |
| 801 | @aCN@bPftUser@c20000726 | |
| 905 | @b78837-838@dTM63-65@eS292@f2 | |
| 变电所常用规程及电气技术规范新编/孙方汉等编.-沈阳:辽宁科学技术出版社,1996.02 |
| 570页;16开 |
| ISBN 7-5381-2207-9:70.00元 |
| ● |
| 相关链接 |
|
|
|
正题名:变电所常用规程及电气技术规范新编
索取号:TM63-65/S292
 
预约/预借
| 序号 | 登录号 | 条形码 | 馆藏地/架位号 | 状态 | 备注 |
| 1 | 78837 | 200788371 | 自科库301/301自科库 16排1列5层/ [索取号:TM63-65/S292] | 在馆 | |
| 2 | 78838 | 200788380 | 自科库301/301自科库 16排1列5层/ [索取号:TM63-65/S292] | 在馆 |